|
|
|
|
| LEADER |
000000000a22000000004500 |
| 001 |
002170 |
| 020 |
|
|
|a 9977906506
|
| 041 |
0 |
|
|a spa
|
| 082 |
0 |
4 |
|a 291.178
|b U58c
|
| 110 |
2 |
|
|a Universidad Nacional Cátedra Víctor Sanabria
|
| 245 |
1 |
0 |
|a Cristianos y neoliberales :
|b teólogos y economistas debaten sobre el ajuste estructural /
|c Universidad Nacional Cátedra Víctor Sanabria.
|
| 260 |
|
1 |
|a San José, Costa Rica :
|b EUNA,
|c 1993.
|
| 300 |
|
|
|a 435 páginas ;
|c 21 cm.
|
| 650 |
|
4 |
|a IGLESIA CATOLICA EN COSTA RICA
|
| 650 |
|
4 |
|a IGLESIA Y PROBLEMAS SOCIALES
|
| 650 |
|
4 |
|a COSTA RICA
|
| 650 |
|
4 |
|a AJUSTE ESTRUCTURAL
|
| 650 |
|
4 |
|a POLITICA ECONOMICA
|
| 999 |
|
|
|c 8752
|d 8752
|
| 942 |
|
|
|c BK
|h 291.178 U58c
|2 z
|